Ginebra : tierra de músicos /

Bibliographic Details
Main Author: Concha Ávila, Victoria Eugenia (Author)
Format: Electronic eBook
Language:Spanish
Published: Cali, Valle del Cauca, Colombia : Universidad Autónoma de Occidente, [2023]
Subjects:
Online Access:Digitalia Hispánica

MARC

LEADER 00000nam a2200000Ii 4500
001 DIGUAOCCTE0109
003 NyNyDIG
006 m o d
007 cr |||||||||||
008 240915s2023 ck a o 000 0 spa d
035 |a (OCoLC)1456948171 
040 |a DGITA  |b eng  |e rda  |e pn  |c DGITA 
020 |a 9789586191609  |q pdf 
020 |a 9789586191616  |q ePub 
020 |z 9789586191593  |q impreso 
043 |a s-ck--- 
050 1 4 |a M1578 ebook 
100 1 |a Concha Ávila, Victoria Eugenia,  |e author. 
245 1 0 |a Ginebra :  |b tierra de músicos /  |c Victoria E. Concha Ávila [and 7 others]. 
264 1 |a Cali, Valle del Cauca, Colombia :  |b Universidad Autónoma de Occidente,  |c [2023] 
300 |a 1 online resource :  |b illustrations. 
336 |a text  |b txt  |2 rdacontent 
337 |a computer  |b c  |2 rdamedia 
338 |a online resource  |b cr  |2 rdacarrier 
347 |a text file  |2 rdaft 
347 |b PDF 
588 0 |a Online resource; title from PDF title page (Digitalia, viewed September 15, 2024) 
650 0 |a Music  |z Colombia. 
776 0 8 |i Print version:  |a Concha Ávila, Victoria Eugenia.  |t Ginebra.  |d Cali, Valle del Cauca, Colombia : Universidad Autónoma de Occidente, [2023]  |z 9789586191593 
791 2 |a Digitalia (Firm),  |e distributor. 
793 0 |g Digitalia eBook Collection:  |a Universidad Autónoma de Occidente 
856 4 0 |3 Digitalia Hispánica  |u https://www.digitaliapublishing.com/a/157209/ 
910 |a Premium collection: 2024